[Event "Corus"]
[Site "Wijk aan Zee"]
[Date "2000.01.22"]
[Round "6"]
[White "Morozevich, Alexander"]
[Black "Van Wely, Loek"]
[Result "1-0"]
[WhiteElo "2748"]
[BlackElo "2646"]
[Annotator "Van Wely/Cifuentes"]
[PlyCount "57"]
[EventDate "2000.01.15"]
[EventType "tourn"]
[EventRounds "13"]
[EventCountry "NED"]
[EventCategory "18"]
[SourceTitle "CBM 075"]
[Source "ChessBase"]
[SourceDate "2000.04.05"]
[SourceVersion "1"]
[SourceVersionDate "2000.04.05"]
[SourceQuality "1"]

1. e4 {Ftacnik} c5 2. Nf3 d6 3. d4 cxd4 4. Nxd4 Nf6 5. Nc3 a6 6. Be3 e6 7. f3
b5 8. g4 h6 9. Qd2 Nbd7 10. O-O-O Bb7 11. Bd3 Ne5 12. Rhe1 Rc8 13. Kb1 Nfd7 14.
f4 Nc4 15. Qe2 Nxe3 16. Qxe3 g5 $5 $146 {'?!' Ftacnik. Ftacnik: ''!?' McShane.
' Ftacnik: 'Black tries to punish white for the "sacrifice" of the vital e3
bishop. If the defender could control the e5 square his chances would surely
look very promising.'} 17. e5 $1 {Ftacnik: 'McShane: 'Otherwise Black will get
a hold on this square after capturing on f4, stopping White's attack.''} gxf4
18. Qxf4 dxe5 (18... Qg5 $5 19. Qg3 $5 (19. Qxg5 $6 hxg5 20. exd6 Bg7 $1 (20...
Nc5 21. Nb3 $1 (21. Be4 Bxe4 22. Nxe4 Nxe4 23. Rxe4 Rd8 $1 $15) 21... Nxd3 22.
Rxd3 Kd7 (22... Rd8 23. Nc5) 23. Rf1 Rh7 24. Nd2 $13) 21. Be4 (21. Rxe6+ fxe6
22. Nxe6 Kf7 23. Nxg5+ Kf6 24. Nh7+ Rxh7 25. Bxh7 Kg5) 21... Bxe4 22. Nxe4 Rxh2
23. c3 b4 $1 24. cxb4 Bxd4 25. Rxd4 Rcc2 $15) 19... Nxe5 $1 (19... Bg7 20. Nf5
$1 exf5 21. exd6+ Kf8 22. Bxf5 Bxc3 23. bxc3 Bc6 24. Re7 Rd8 25. Rf1 $44) (
19... b4 20. h4 $1 Qg7 21. Be4 Bxe4 22. Nxe4 Nxe5 (22... dxe5 23. Nb3) 23. Qb3
$1) 20. Be4 Bxe4 (20... Qe7 $6 21. Bxb7 Qxb7 22. Ne4 Be7 23. Nxe6 $1 fxe6 24.
Nxd6+ Bxd6 25. Rxd6 $36) 21. Nxe4 Qd8 22. g5 $1 $13 (22. Nf5 exf5 23. Nxd6+
Bxd6 24. Rxe5+ Kf8 25. Rxd6 Qxd6 26. Re8+ Kg7 27. Qxd6 Rhxe8)) (18... Nxe5 {
Ftacnik} 19. Nxe6 $1 $16) 19. Nxe6 $1 {Ftacnik: ''!!' McShane. ' Ftacnik: 'The
punishment for black is rather severe, it becomes clear that his development
suffered a lot due to the flank action with g5.'} Qe7 $8 (19... fxe6 $4 20.
Bg6+ Ke7 21. Qf7# {mate}) (19... Qf6 $2 20. Qd2 $1) 20. Qd2 $1 (20. Nxf8 $2
exf4 21. Rxe7+ Kxe7 22. Nxd7 Kxd7 23. Bf5+ Kc6 24. Bxc8 Bxc8 $15) (20. Rxe5
Nxe5 21. Qxe5 Rg8 22. Nxb5 fxe6 (22... axb5 $4 23. Bxb5+ Bc6 24. Bxc6+ Rxc6 25.
Qb8+ $18) 23. Nd6+ Qxd6 24. Bb5+ axb5 25. Rxd6 Bxd6 26. Qxe6+ Kf8 27. Qxd6+ Ke8
28. Qe6+ $11) 20... fxe6 (20... b4 $6 21. Na4 fxe6 22. Bg6+ Kd8 23. Nb6 Rc7 24.
Rf1 Bc6 (24... Bd5 25. Nxd5 exd5 26. Qxd5 $18) 25. Rf7 Qe8 26. Qe3 $1 $44 (26.
Rf6 $11)) 21. Bg6+ Kd8 22. Rf1 {Ftacnik: ''!' McShane. ' Ftacnik: 'McShane: 'A
quiet move and difficult to spot from a distance, threatening a devastating
entry on f7.''} Rxc3 $6 {'?' Ftacnik. Ftacnik: 'This spirited defence will
fail, but black had chances to survive only in the dangerous variation
starting with 22...Bc6. '} (22... Bc6) (22... Rc7 $142 23. Rf7 Qe8 24. Qe3 (24.
Rf6 $11) 24... Bd5 (24... Be7) 25. Nxd5 exd5 26. Rxd5 Qe6 27. Qe4 Bd6) (22...
Bc6 {Ftacnik} 23. Rf7 Qe8 24. Ne4 Kc7 $1 (24... Bd5 25. Qa5+ Rc7 26. Nf6 Qxf7
27. Nxd5 $1 $18) 25. Qe3 (25. Qa5+ Kb7) 25... Kb7 26. Rfxd7+ Qxd7 27. Rxd7+
Bxd7 28. Nf6 Bc6 29. Bd3 $14) 23. Qxc3 Qc5 24. Rf7 {'!' Ftacnik.} Bc8 $2 {
Ftacnik: 'McShane: 'Material is approximately equal, but the huge pin and
difference in activity mean White is almost winning.''} (24... Bd5 $1 25. Qa5+
Kc8 26. Qxa6+ Kc7 27. a4 bxa4 $1 (27... b4 $2 28. Rxd5 Qxd5 (28... exd5 29. Bf5
Be7 30. Qe6) 29. Qa7+ Kd8 30. Be4 Qd6 31. Qa8+ Nb8 32. Rb7 Kc8 33. Bc6 $1 $18)
28. Qxa4 Be7 $13) 25. Qd2 Qa7 26. g5 $1 $18 b4 27. gxh6 Bxh6 28. Qxb4 Bg5 29.
Qg4 1-0

[Event "Corus"]
[Site "Wijk aan Zee"]
[Date "2000.01.27"]
[Round "10"]
[White "Timman, Jan H"]
[Black "Van Wely, Loek"]
[Result "1-0"]
[WhiteElo "2655"]
[BlackElo "2646"]
[Annotator "Van Wely/Cifuentes"]
[PlyCount "69"]
[EventDate "2000.01.15"]
[EventType "tourn"]
[EventRounds "13"]
[EventCountry "NED"]
[EventCategory "18"]
[SourceTitle "CBM 075"]
[Source "ChessBase"]
[SourceDate "2000.04.05"]
[SourceVersion "1"]
[SourceVersionDate "2000.04.05"]
[SourceQuality "1"]

1. e4 c5 2. Nf3 d6 3. d4 cxd4 4. Nxd4 Nf6 5. Nc3 a6 6. Be3 e6 7. f3 b5 8. g4 h6
9. Qd2 Nbd7 10. O-O-O Bb7 11. Bd3 Ne5 12. Rhe1 Rc8 13. Kb1 Nfd7 14. f4 Nc4 15.
Qe2 Nxe3 16. Qxe3 Qb6 $5 (16... b4 $2 17. Nd5 $1 g5 18. Nf5 Rg8 19. Qa7 Nc5 20.
Bxa6 $1 Bxa6 21. e5 dxe5 22. Nde7 $1 Qxe7 23. Nxe7 Bxe7 24. Rxe5 gxf4 25. Rxc5
Bxc5 26. Qxa6 $18 {Morozevich,A-Topalov,V/Frankfurt-West Masters 1999 (75)})
17. Nd5 $5 (17. f5 $6 e5 18. Nb3 (18. Nf3 Qxe3 19. Rxe3 Nf6 20. h3 Be7) 18...
Qxe3 19. Rxe3 Nc5 $1 (19... Nf6 $143 20. h3 Be7 21. a4 $36) 20. Na5 Ba8 21. Nd5
Bxd5 22. exd5 Be7 {/\h5} 23. Be2 Bg5 24. Rc3 e4 $6 (24... Kd7 $1 $15) 25. Nc6
Bf6 26. Ra3 Kd7 27. Nb4 Ra8 28. Nxa6 b4 29. Nxc5+ dxc5 30. Re3 Kd6 31. Rxe4 {
1/2-1/2 Anand,V-Van Wely,L/Wijk aan Zee 2000}) (17. e5 dxe5 18. fxe5 Bb4 $1 19.
Nxe6 Qxe3 20. Nxg7+ Kf8 21. Rxe3 Kxg7 22. Bf5 Nb6 $11) 17... exd5 18. exd5+ Kd8
19. Bxb5 $3 (19. Qe8+ $2 Kc7 20. Qxf7 Qxd4 $1 21. Bf5 Qf6 22. Qxd7+ Kb8 23. Re8
Rxe8 24. Qxe8+ Kc7 25. Qd7+ Kb6 26. a4 g6 $17) 19... axb5 (19... Kc7 20. Bc6)
20. Qe8+ Kc7 21. Qxf7 g5 $1 (21... Rd8) 22. Ne6+ Kb8 23. Qxd7 gxf4 $2 (23... h5
$1 24. fxg5 (24. gxh5 g4) 24... hxg4 25. Rf1 Rxh2 $1 26. Rxf8 Rxf8 27. Nxf8
Bxd5 $1 28. Qxg4 Qf2 29. Rc1 (29. Nd7+ Kc7 30. Rc1 Rh4 $1 $17) 29... Qxf8 30.
Qb4 Bc6 31. a4 $13) 24. Rf1 f3 25. a3 $6 (25. Rd4 $142 $1 {/\Rb4 xb5}) 25...
Qe3 26. Rfe1 Qb6 (26... Qf2 $143 27. Nd4 $1) 27. Re4 $1 {/\Rb4 or Rf4-f7} Rc4
$8 28. Nd4 (28. Rxc4 bxc4 29. Qe8+ Ka7 30. Nxf8 c3 31. b3 f2 32. Qf7 (32. Rf1
Bxd5 33. Qe7+ Ka8) 32... Qe3 33. Ne6 Rc8 $132) 28... Rc5 $4 (28... f2 $1 29.
Re8+ (29. Nc6+ Rxc6 30. dxc6 Qxc6 31. Qxc6 Bxc6 32. Rf4 Be7 33. Rxf2 Rh7 $1)
29... Ka7 30. Nc6+ Rxc6 31. dxc6 Qxc6 32. Qf7 Qg2 $3 (32... Bg7 33. Qxf2+ Qc5
34. Qxc5+ dxc5 35. Rxh8 Bxh8 36. Rd6 Bg7 37. h4 $18) (32... Qf3 33. Qxf3 Bxf3
34. Rf1 Bc6 35. Rd8 Bg7 36. Rxd6 Kb6 37. Rxf2 $18) 33. Rxf8 Rxf8 34. Qxf8 Qg1
$1 35. Rc1 (35. Kc1 Qe1 $1 36. Qf7 Ka8 $11) 35... Bg2 36. Qe7+ Ka8 37. Qe8+ Kb7
38. Qxb5+ Kc7 39. Qc4+ Kd7 $11) 29. Re8+ $6 (29. Nc6+ $1 Rxc6 30. dxc6 Qxc6 31.
Re8+ Ka7 32. Qd8 f2 33. Qb8+ $1 Ka6 34. Rxf8 Rxf8 35. Qxf8 $18) 29... Ka7 30.
Nc6+ Rxc6 $2 $138 (30... Ka6 $8 31. Rb8 f2 32. Qf7 Rc4 33. Rxf8 Rxf8 34. Qxf8
Rxg4 35. Nb4+ Ka7 36. Nd3 Rg2 37. Qxh6 Bxd5) 31. dxc6 Qxc6 32. Qd8 $18 Qc4 33.
Qb8+ Ka6 34. Rxf8 Rxf8 35. Qxf8 1-0

[Event "Telechess ol1 7778"]
[Site "telex"]
[Date "1977.10.22"]
[Round "2.4"]
[White "Wedberg, Tom Birger"]
[Black "Vogt, Lothar"]
[Result "0-1"]
[WhiteElo "2350"]
[BlackElo "2495"]
[Annotator "Vogt,L"]
[PlyCount "100"]
[EventDate "1977.02.19"]
[EventType "team-k.o."]
[EventRounds "4"]
[SourceTitle "EXT 2012"]
[Source "ChessBase"]
[SourceDate "2011.11.24"]
[SourceVersion "1"]
[SourceVersionDate "2011.11.24"]
[SourceQuality "1"]
[WhiteTeam "Sweden"]
[BlackTeam "German Dem Rep"]
[WhiteTeamCountry "SWE"]
[BlackTeamCountry "DDR"]

{SCHACH 12/1977} 1. e4 c5 2. Nf3 e6 3. d4 cxd4 4. Nxd4 Nf6 5. Nc3 d6 6. g3 Be7
7. Bg2 O-O 8. O-O a6 9. Re1 Qc7 10. a4 Nc6 11. Nb3 b6 {Damit wird der weiße
Vorstoss a4-a5 verhindert.} 12. f4 Bb7 13. Qe2 Rfe8 {Ein nützlicher Zug, der
ein Spiel im Zentrum langfristig vorbereitet.} 14. Be3 Nd7 15. Qf2 Nc5 ({
Im Nachhinein gefiel mir} 15... Bf6 {besser.}) 16. g4 Bf6 (16... Nb4 {wird mit}
17. Nd4 {beantwortet.}) 17. g5 (17. Nd4 Nxd4 18. Bxd4 Bxd4 19. Qxd4 e5 {
und Schwarz steht ausgezeichnet.}) 17... Bxc3 18. bxc3 Ne7 ({Der
Vorbereitungszug} 18... Rac8 {war sicher genauer.}) 19. a5 $1 bxa5 ({Das
geplante} 19... Nxe4 {scheitert leider an} 20. Bxb6 Nxf2 ({bzw.} 20... Qc4 21.
Bxe4 Bxe4 22. Nd2) 21. Bxc7 Bxg2 22. Kxg2 Ng4 23. Kh3 Nd5 24. Bb6 Nxf4+ 25. Kg3
) 20. Bxc5 $1 dxc5 21. Rxa5 $6 {Erst hiernach bekommt Weiß echte Probleme, mit
seiner anfälligen Bauernstruktur.} ({Nach} 21. Nxa5 Bc8 22. f5 Rb8 {hätten
beide Seiten ihre Chancen gehabt.}) 21... Ng6 $1 22. Rf1 ({Auch} 22. f5 exf5
23. Rxc5 Qe7 24. Rxf5 Ne5 {ist nicht erstrebenswert für Weiß.}) 22... c4 $1 23.
Rc5 (23. Qc5 Qb8 $1 {ist ebenfalls schwarzer Vorteil.}) 23... Qxf4 $1 24. Na5
Qxf2+ 25. Kxf2 ({Nach} 25. Rxf2 Re7 26. Nxb7 Rxb7 27. e5 Rb1+ {ist Schwarz auf
der Siegerstraße.}) 25... Rab8 26. Rd1 Ba8 27. Nxc4 Rb5 $1 28. Rxb5 axb5 29.
Nd6 (29. Na3 {ist wegen} Bc6 {auch nicht besser als der Textzug.} ({oder} 29...
Nf4)) 29... Rd8 30. Bf1 {Weiß möchte aus der Passivität heraus und bringt
deshalb ein Bauernopfer. Es wird schwer sein, etwas zu finden, was besser ist.}
Bxe4 31. Bxb5 Bxc2 32. Rd2 Ne5 33. Rxc2 Rxd6 34. c4 Nd3+ {Der Lauf des weißen
c-Bauern muss gestoppt werden.} 35. Ke3 Nc5 36. Ra2 Rd3+ 37. Kf4 Rd8 38. Ra7 h6
{Schafft "Luft" für den schwarzen König.} 39. gxh6 gxh6 40. Rc7 Nd3+ 41. Ke3
Nb4 $1 42. Ke4 Kg7 43. c5 $2 {Dies räumt Schwarz die letzten Probleme aus dem
Weg, obwohl die Zentrumsbauern immer der Garant eines klaren schwarzen
Vorteils waren.} Nd5 44. Rb7 Nc3+ 45. Kf3 Nxb5 46. Rxb5 Rd5 {Weiß ist nun klar
verloren.} 47. Ra5 Kf6 48. Kf4 Rh5 49. Kg3 Rf5 50. Rb5 Rd5 {Die Zeitnot war
vorüber, und es wäre nun zum Abschätzen gekommen. Weiß überzeugte sich kurz
vom nicht mehr zu vermeidenden Ergebnis, z.B.} (50... Rd5 51. Kf4 Rd2 52. Kg3 (
{oder} 52. c6 Rc2 53. Rb6 Rc4+ 54. Kf3 Ke5) 52... Rc2 53. Ra5 Kg5 54. c6+ f5 {
und gab deshalb auf}) 0-1

[Event "Opatija op"]
[Site "Opatija"]
[Date "1984.04.14"]
[Round "8"]
[White "Kosanski, Stanko"]
[Black "Vogt, Lothar"]
[Result "0-1"]
[WhiteElo "2390"]
[BlackElo "2485"]
[Annotator "Vogt,L"]
[PlyCount "132"]
[EventDate "1984.04.07"]
[EventType "swiss"]
[EventRounds "11"]
[EventCountry "YUG"]
[SourceTitle "EXT 2014"]
[Source "ChessBase"]
[SourceDate "2013.11.20"]
[SourceVersion "1"]
[SourceVersionDate "2013.11.20"]
[SourceQuality "1"]

{SCHACH 6/1984 Seite 258} 1. e4 c5 2. Nf3 e6 3. Nc3 d6 4. g3 Nc6 5. Bg2 Nf6 6.
O-O Be7 7. Re1 O-O 8. d4 cxd4 9. Nxd4 Bd7 10. Nxc6 Bxc6 11. e5 $2 {Weiß wollte
wohl ein schnelles Unentschieden.} (11. Be3) ({oder} 11. a4 {ist normal.})
11... dxe5 12. Bxc6 bxc6 13. Qxd8 Rfxd8 14. Rxe5 Nd5 ({Auch} 14... Bb4 {
sah gut aus für Schwarz.}) 15. Bg5 ({Bei} 15. Nxd5 cxd5 16. Re2 d4 {fixiert
Schwarz die weißen Schwächen am Damenflügel}) ({bzw.} 15. Bd2 Nb4 {mit
Bauerngewinn}) 15... Bxg5 ({Natürlich nicht} 15... f6 $2 16. Rxe6 Kf7 17. Rae1)
16. Rxg5 Nxc3 ({Verlockend sah} 16... f5 {aus, aber nach} 17. Nxd5 cxd5 18. g4
h6 $2 19. Rg6 Kf7 20. gxf5 {hat Weiß die Initiative}) 17. bxc3 Rd5 $1 18. Rg4 (
18. Rxd5 cxd5 19. Rb1 Rc8 20. Kf1 g5 21. Rb3 a5 {ist klarer schwarzer Vorteil})
18... Rc5 19. c4 Rd8 20. Re4 Rd2 21. Rb1 g5 $1 {Schafft ein Luftloch und eine
weitere Schwäche auf f2.} 22. Rb7 a5 23. a3 Rxc2 24. Ra7 Rf5 25. f4 gxf4 26.
Rxf4 Rxf4 27. gxf4 Rxc4 28. f5 Rg4+ 29. Kh1 Ra4 30. fxe6 fxe6 31. Re7 Rxa3 32.
Rxe6 Rc3 33. Re8+ Kf7 34. Ra8 Rc5 35. Ra7+ Kg6 36. Kg2 h5 37. Kf3 Kf5 38. h3
Ke5 39. Ke3 Rc3+ 40. Kf2 Rc5 41. Ke3 Rb5 42. h4 Kd5 43. Kd3 Kc5 44. Kc3 Kb6 45.
Ra8 Rb4 46. Rb8+ Kc5 47. Ra8 Rc4+ 48. Kd3 (48. Kb3 a4+) 48... Ra4 49. Kc3 Kb6
50. Rb8+ Kc7 51. Ra8 Kb7 52. Rh8 Rxh4 53. Kb3 Kb6 54. Rb8+ Kc5 55. Rh8 Rb4+ 56.
Ka3 h4 57. Rh5+ Kb6 58. Rh8 c5 59. Rh7 a4 60. Rh8 Rc4 61. Rh7 Kc6 62. Rh8 Kd5
63. Rh5+ Ke6 64. Rg5 Kf6 65. Rh5 Kg6 66. Rh8 Kg5 0-1

[Event "Interzonal-16"]
[Site "Biel"]
[Date "1993.??.??"]
[Round "1"]
[White "Smirin, Ilia"]
[Black "Malisauskas, Vidmantas"]
[Result "0-1"]
[WhiteElo "2640"]
[BlackElo "2540"]
[Annotator "Wolff,P"]
[PlyCount "78"]
[EventDate "1993.07.16"]
[EventType "swiss"]
[EventRounds "13"]
[EventCountry "SUI"]
[SourceTitle "CBM 037"]
[Source "ChessBase"]
[SourceDate "1993.12.01"]
[SourceVersion "1"]
[SourceVersionDate "1993.12.01"]
[SourceQuality "1"]

1. e4 c5 2. Nf3 d6 3. d4 cxd4 4. Nxd4 Nf6 5. Nc3 a6 6. Be3 e6 7. a4 b6 8. a5 b5
(8... bxa5 $13) 9. Ndxb5 $1 axb5 10. Bb6 Qe7 11. Bxb5+ Bd7 12. Qf3 $2 (12. Qd3
$1 $44) 12... d5 $1 13. e5 (13. exd5 Bxb5 (13... exd5+ $5 14. Kd1 Qd6 15. Re1+
Be7 16. Bxd7+ Qxd7) (13... Nxd5) 14. d6 (14. Nxb5 Qb4+ 15. Nc3 (15. Qc3 Nxd5
16. Qxb4 Bxb4+ 17. c3 Be7 $17) 15... Nxd5 16. Ra4 Qd6 $15) 14... Qxd6 15. Qxa8
(15. Nxb5 Qe5+ 16. Kd1 (16. Qe2 Qxe2+ 17. Kxe2 Na6 $17) (16. Be3 Rxa5 $1 17.
Rxa5 Bb4+ $17) 16... Qxb5 17. Qxa8 Bd6 $36) 15... Bc6 16. Qa7 Qe5+ 17. Be3 Bxg2
18. Rg1 $13) 13... Ne4 $1 14. Nxe4 (14. O-O Bxb5 (14... Nxc3 15. Qxc3 $13) 15.
Nxb5 Na6 $17 {/\ ...Qd7}) 14... dxe4 15. Bxd7+ Nxd7 16. Qxe4 Qb4+ $1 (16...
Nxb6 17. Qc6+ $1 Qd7 18. Qxb6) 17. Qxb4 Bxb4+ 18. Ke2 Nxb6 19. axb6 Kd7 $17 20.
Rad1+ Kc6 21. Rd3 Rhb8 22. Rhd1 Ra2 23. Rd7 Rxb6 24. Rxf7 Bc5 25. Rb1 Rbxb2 26.
Rxb2 Rxb2 27. Kd3 Rb7 28. Rxb7 Kxb7 29. f4 h5 30. Ke4 g6 31. g3 Bf2 32. Kf3 Be1
33. h3 Kc6 34. c4 Kc5 35. g4 hxg4+ 36. hxg4 Kxc4 37. f5 g5 38. fxe6 Bb4 39. Ke4
Be7 0-1

[Event "USA-ch"]
[Site "Saint Louis"]
[Date "2017.04.07"]
[Round "9"]
[White "Robson, Ray"]
[Black "Zherebukh, Yaroslav"]
[Result "1/2-1/2"]
[WhiteElo "2668"]
[BlackElo "2605"]
[Annotator "Yermolinsky,A"]
[PlyCount "118"]
[EventDate "2017.03.29"]
[EventType "tourn"]
[EventRounds "11"]
[EventCountry "USA"]
[EventCategory "18"]
[SourceTitle "CBM 178"]
[Source "ChessBase"]
[SourceDate "2017.05.14"]
[SourceVersion "1"]
[SourceVersionDate "2017.05.14"]
[SourceQuality "1"]

1. e4 c5 2. Nf3 d6 3. d4 cxd4 4. Nxd4 Nf6 5. Nc3 a6 6. Be3 e6 7. f3 b5 8. Qd2
Nbd7 9. g4 h6 10. a3 Bb7 11. O-O-O Rc8 12. h4 d5 13. Rg1 dxe4 14. g5 hxg5 15.
hxg5 Nd5 16. Nxe4 g6 17. Kb1 b4 18. axb4 Bxb4 19. c3 Nxe3 20. Qxe3 Bxe4+ 21.
Qxe4 Bxc3 22. Nxe6 Qb6 23. Nc5+ Be5 24. Nd3 O-O 25. Nxe5 Nxe5 26. Rh1 {A sharp
Scheveningen. Who's going to get to the king first?} Qf2 $2 {Wrong entry point.
} (26... Qb3 27. Bd3 Nxd3 28. Rxd3 Qc2+ 29. Ka1 Rc5 30. Qd4 f6 31. gxf6 Ra5+
32. Ra3 Rxa3+ 33. bxa3 {looks troublesome for Black, but the accurate} Qc6 $1 {
holds everything together. White has no better than} 34. f7+ Kxf7 35. Rh7+ Ke6
36. Rg7 Qc1+ 37. Ka2 Qc2+ 38. Ka1 $11) 27. Be2 Rfe8 28. Qf4 $1 {Despite severe
time trouble Ray finds the best move. He's such a formidable attacker.} Re6 (
28... Qxe2 29. Qh4 Qc2+ 30. Ka1 Qxd1+ {Only move, as White keeps a4 under
control of his queen.} 31. Rxd1 Nxf3 32. Qf4 Ne5 33. Rh1 Nd3 34. Qa4 {White
has good winning chances, but there are possible fortresses after Black trades
a pair of rooks and gives up the knight for the b-pawn. Ray was on the losing
side of a similar situation yesterday against Onischuk.}) 29. Rh2 ({A better
move was} 29. Rd2 Qc5 30. Bd1 $1 Qc1+ 31. Ka2 Qc5 32. Rdh2 Kf8 33. Bb3 {
Once the bishop enters the stage it is truly over.}) 29... Qc5 30. Rdh1 Kf8 31.
Rh8+ Ke7 32. Rxc8 Qxc8 33. Qb4+ Rd6 34. Rd1 (34. Re1 $142 $16) 34... Qc6 35.
Re1 Qb6 36. Qxb6 Rxb6 37. Bxa6 Re6 38. Bb7 Nc4 39. Rxe6+ Kxe6 40. Kc2 Kf5 $2 ({
Yaro could have forced an immediate draw by} 40... Nxb2 $1 41. Kxb2 Kf5 {
The white king is too far to stop his black counterpart from taking on g5 and
coming to f4, after which g5-g4 will trade White's last pawn.}) 41. b4 {
As the game went Ray kept on trying, but it just wasn't enough to win.} Kxg5
42. Kc3 Nd6 43. Bc6 Kf4 44. Kd4 g5 45. Kd5 Nc8 46. Kc5 Ke5 47. b5 Ke6 48. Bd5+
Ke7 49. Bc4 f6 50. Kc6 Na7+ 51. Kc5 Nc8 52. Bd3 Kd7 53. Bf5+ Kc7 54. Kd5 Nb6+
55. Ke6 Nc4 56. Kxf6 Nd2 57. Bg4 Kb6 58. Kxg5 Nxf3+ 59. Bxf3 Kxb5 1/2-1/2

[Event "USA-ch Seniors 50"]
[Site "Saint Louis"]
[Date "2019.07.13"]
[Round "3"]
[White "Shabalov, Alexander"]
[Black "Novikov, Igor A"]
[Result "1-0"]
[WhiteElo "2500"]
[BlackElo "2556"]
[Annotator "Yermolinsky,Alex "]
[PlyCount "81"]
[EventDate "2019.07.11"]
[EventType "tourn"]
[EventRounds "9"]
[EventCountry "USA"]
[EventCategory "11"]
[SourceTitle "CBM 191 Extra"]
[Source "ChessBase"]
[SourceDate "2019.09.30"]
[SourceVersion "1"]
[SourceVersionDate "2019.09.30"]
[SourceQuality "1"]

{[%evp 0,81,19,38,40,41,66,66,57,33,33,27,60,34,65,44,79,52,68,31,19,3,-6,-25,
-38,-39,-30,-40,40,-24,-50,-28,-38,-33,-33,-143,-2,33,26,46,-5,9,25,-1,-3,0,0,
0,84,81,76,100,93,97,91,116,116,82,118,160,727,235,510,214,223,82,335,252,247,
267,269,278,271,281,302,251,272,247,256,253,254,254,259,283]} 1. e4 c5 2. Nf3
d6 3. d4 cxd4 4. Nxd4 Nf6 5. Nc3 a6 6. Be3 e6 7. f3 b5 8. g4 h6 9. Qd2 Nbd7 10.
O-O-O ({At the World Senior Team Championship in Rhodes, which was Igor's
first tournament after a long layoff, Novikov had a game against Johann
Hjartarsson that went} 10. h4 Bb7 11. O-O-O {After the game I commented that
lately Black has been trying to leave the bishop on c8 for a better protection
against sacrifices on e6. While it was hardly more than a layman's quip, it
turned out Igor was paying attention.}) 10... b4 {Novikov credited me with
helping him to come to this decision.} 11. Na4 $5 {[#] Shabalov steps off the
main path} (11. Nce2 {has been seen more often, and it can still transpose to
the latest high-profile game in this line, Topalov-Vachier Lagrave, Riga Grand
Prix 2019.}) 11... d5 {Faced with a new problem Igor reverts to the old
strategy of hitting the center.} (11... Ne5 {is the usual choice, often
resulting in} 12. b3 Bd7 13. Nb2 (13. Kb1 $5 Bxa4 14. bxa4 Qc7 15. Be2 {
Caruana-Hou Yifan, 2017}) 13... d5 14. Bf4 Qc7 {with mutual chances.}) 12. exd5
Nxd5 13. Bc4 {[#] Anybody would be scared witless to defend such a position.}
N7f6 $1 {Not Igor Novikov, an old Najdorf dog.} (13... Bb7 14. Rhe1 Ne5 15. Bb3
Qc7 16. Bf2 {is indeed a bit too much to handle.}) 14. g5 ({Engines recommend} 
14. Nf5 {yet they're unable to find a kill after} Qc7 15. Bxd5 Nxd5 16. Rhe1
Bb7) 14... hxg5 15. Bxg5 Bb7 {Once again, this seems wrong.} ({Black just
needs to get his king out of the danger zone, and it can be accomplished by} 
15... Qc7 16. Qe2 Bd6 17. Nxe6 Bxe6 18. Bxd5 Nxd5 19. Rxd5 O-O) 16. Qe2 Be7 {
[#]} 17. Nf5 $6 ({Shabalov said he couldn't believe where was no follow-up to} 
17. Nxe6 fxe6 18. Qxe6 Qd7 $3 {but Novikov confirmed he relied on that defense.
}) ({The right move order was} 17. Bxf6 $1 Bxf6 (17... gxf6 {gets crushed by}
18. Nxe6) 18. Nc5 {where Black's only remaining option is} Bxd4 19. Rxd4 Qg5+
20. Rd2 (20. Kb1 Nc3+) 20... O-O-O 21. Nxb7 Kxb7 22. Bxa6+ Ka7 23. Bd3 Nc3 $5 {
etc.}) 17... Qc7 18. Bxf6 Bxf6 19. Bxd5 Bxd5 20. Rxd5 {[#]} Qf4+ {After the
game Igor was critical of this decision.} ({Instead, he advocated} 20... Kf8 $3
21. Rc5 Qf4+ 22. Ne3 (22. Qe3 $142 Bg5 23. Qxf4 Bxf4+ 24. Kb1 exf5 25. Rxf5 $11
) 22... Bd4 23. Re1 Rxh2 24. Qd3 Rd8 {which, indeed, is winning for Black!})
21. Qd2 Qxf3 22. Re1 O-O 23. Nh6+ {[#]} Kh7 $2 {Time shortage rears its ugly
head.} ({Later we established} 23... gxh6 {was playable, as there's no mate
after} 24. Qxh6 Qg2 25. Qxf6 exd5 26. Qd4 Qg5+ 27. Kb1 Rae8 28. Rg1 Kh7 $1) 24.
Rd3 Qh5 25. Nxf7 Rxf7 26. Qxb4 $16 {[#] The very safe white king (which cannot
be said about his black counterpart) is the critical factor in turning the
odds heavily to White's favour.} Kg8 27. Kb1 Qxh2 28. a3 Rc8 29. Qb3 Rfc7 30.
Nb6 $2 ({The players couldn't explain how the simple line,} 30. Qxe6+ Kf8 31.
Rh3 {managed to escape their attention.}) 30... Rb8 31. Qxe6+ Kf8 32. c3 $2 {
This blunder could have cost half a point.} (32. Ka2 Qxc2 33. Rb3 $18) 32...
Rcb7 $2 $138 ({Incredibly,} 32... Re7 33. Qxe7+ Bxe7 34. Nd7+ Kf7 35. Nxb8 Bxa3
$11) 33. Rd7 Qxb2+ 34. Kxb2 Rxb6+ 35. Kc2 Rxe6 36. Rxe6 Rc8 37. Rd3 a5 38. Kb3
Rb8+ 39. Ka4 Rc8 40. Kxa5 Bxc3+ 41. Kb5 1-0